00646nam a2200205Ia 4500003000400000005001700004008004100021020001800062040000700080041000800087082001500095100002300110245006100133260004200194300000900236650003300245942001300278999001900291952013000310OSt20250820144725.0250729s2004 xx 000 0 und d a81-207-0086-4 cAL aeng a371.4 KOCE aKochar s K9221658 aEducational and vocational guidence in secondary schools aNew DelhibSterling Publicationc2004 a479p aGuidence Counselling9221659 2ddccBED c235116d235116 00104070aALbALd2025-07-29eSita Book Houseg140.00l0o371.4 KOCEpBED00435r2025-07-29 16:53:44v140.00w2025-07-29yBK